Tyāgi-Rāmadāsa. (Record no. 62301)

MARC details
000 -LEADER
fixed length control field 00528cam a22002171 4500
001 - CONTROL NUMBER
control field sa 65001916
003 - CONTROL NUMBER IDENTIFIER
control field DLC
005 - DATE AND TIME OF LATEST TRANSACTION
control field 20260227112112.0
008 - FIXED-LENGTH DATA ELEMENTS--GENERAL INFORMATION
fixed length control field 941012s1962 ii c 000 0 orio
010 ## - LIBRARY OF CONGRESS CONTROL NUMBER
LC control number sa 65001916
025 ## - OVERSEAS ACQUISITION NUMBER
Overseas acquisition number PL480:I-O-301
035 ## - SYSTEM CONTROL NUMBER
System control number (OCoLC)31270335
040 ## - CATALOGING SOURCE
Original cataloging agency DLC
Transcribing agency CU
Modifying agency CU
-- DLC
042 ## - AUTHENTICATION CODE
Authentication code premarc
050 00 - LIBRARY OF CONGRESS CALL NUMBER
Classification number PK2579.G45
Item number T9
100 1# - MAIN ENTRY--PERSONAL NAME
Personal name Ghosh, Aswini Kumar,
Dates associated with a name 1892-1962.
245 10 - TITLE STATEMENT
Title Tyāgi-Rāmadāsa.
260 ## - PUBLICATION, DISTRIBUTION, ETC.
Date of publication, distribution, etc. [1962]
300 ## - PHYSICAL DESCRIPTION
Extent 103 p.
Other physical details port.
Dimensions 18 cm.
500 ## - GENERAL NOTE
General note In Oriya.

No items available.

Powered by Koha